| 000 | 00998 a2200193 4500 | ||
|---|---|---|---|
| 003 | Nust | ||
| 005 | 20221223110507.0 | ||
| 020 | _a8188458716 | ||
| 040 | _cNust | ||
| 082 | _a621.3848,SHA | ||
| 100 |
_aSharma, K. K. _964419 |
||
| 245 |
_aFundamentals of radar, sonar and navigation engineering : _bwih Guidance / _cK. K.Sharma, |
||
| 250 | _a4th ed. | ||
| 260 |
_aNew Delhi _bS.K.Kataria & Sons _c2011 |
||
| 300 | _a635. p; | ||
| 505 | _aAn Introduction to Radar (Page-3), The Radar Equation (Page-27), CW and Frequency Modulated Radar (Page-50), MTI and Pulse Doppler Radar (Page-63), Tracking Radar (Page-88), Radar Transmitter (Page-108), Radar Antennas (Page-209), Detection of Radar Signals in Noise (Page-253), Radiation Hazard (Page-279), Radar Signal Models (Page-314), Radar Waveforms (Page-343), Radio Direction Finders (Page-411), Radio Ranges (Page-442), DME And TACAN (Page-490), Navigation Satellites (Page-545). | ||
| 650 | _aTelecommunication Engineering | ||
| 942 |
_2ddc _cBK |
||
| 999 |
_c189268 _d189268 |
||